|
|
|
|
| LEADER |
00000cam a2200000 c 4500 |
| 001 |
025616420 |
| 003 |
DE-627 |
| 005 |
20260206202254.0 |
| 007 |
tu |
| 008 |
881121s1988 gw ||||| 00| ||ger c |
| 015 |
|
|
|a 89,A02,1636
|2 dnb
|
| 016 |
7 |
|
|a 890045577
|2 DE-101
|
| 020 |
|
|
|a 3518115308
|9 3-518-11530-8
|
| 035 |
|
|
|a (DE-627)025616420
|
| 035 |
|
|
|a (DE-603)009011145
|
| 035 |
|
|
|a (DE-576)013882139
|
| 035 |
|
|
|a (DE-599)GBV025616420
|
| 035 |
|
|
|a (OCoLC)230950572
|
| 035 |
|
|
|a (OCoLC)230950572
|
| 035 |
|
|
|a (OCoLC)19510841
|
| 035 |
|
|
|a (DE-615)00014387
|
| 035 |
|
|
|a (DE-Rt5)1161676
|
| 040 |
|
|
|a DE-627
|b ger
|c DE-627
|e rda
|
| 041 |
|
|
|a ger
|
| 044 |
|
|
|c XA-DE-HE
|
| 050 |
|
0 |
|a HT1521
|
| 082 |
0 |
|
|a 305.8/009
|
| 082 |
0 |
|
|a 305.8009
|q LoC
|2 DDC19oclc
|
| 084 |
|
|
|a POL 120
|a POL 121
|a POL 126
|2 sfb
|
| 084 |
|
|
|a 64
|2 sdnb
|
| 084 |
|
|
|a 64
|a 63
|2 sdnb
|
| 084 |
|
|
|a RS
|2 fivr
|
| 084 |
|
|
|a SG05.01
|2 fivs
|
| 084 |
|
|
|a 3,6
|2 ssgn
|
| 084 |
|
|
|a NK 4940
|2 rvk
|0 (DE-625)rvk/126080:
|
| 084 |
|
|
|a NK 1300
|2 rvk
|0 (DE-625)rvk/125873:
|
| 084 |
|
|
|a MS 3530
|2 rvk
|0 (DE-625)rvk/123683:
|
| 084 |
|
|
|a MC 7400
|2 rvk
|0 (DE-625)rvk/122420:
|
| 084 |
|
|
|a NK 6900
|2 rvk
|0 (DE-625)rvk/126148:
|
| 084 |
|
|
|a NY 8000
|2 rvk
|0 (DE-625)rvk/132373:
|
| 084 |
|
|
|a 71.62
|2 bkl
|
| 100 |
1 |
|
|a Geiss, Imanuel
|d 1931-2012
|e VerfasserIn
|0 (DE-588)121067211
|0 (DE-627)081065329
|0 (DE-576)161082009
|4 aut
|
| 109 |
|
|
|a Geiss, Imanuel 1931-2012
|a Gejss, I. 1931-2012
|a Geiss-Tamchina, ... 1931-2012
|a Geiß, Imanuel 1931-2012
|a Geiss, Immanuel 1931-2012
|
| 245 |
1 |
0 |
|a Geschichte des Rassismus
|c Imanuel Geiss
|
| 250 |
|
|
|a Erste Auflage, Erstausgabe
|
| 263 |
|
|
|a kart. : DM 18,00
|
| 264 |
|
1 |
|a Frankfurt am Main
|b Suhrkamp
|c 1988
|
| 300 |
|
|
|a 374 Seiten
|c 18 cm
|
| 336 |
|
|
|a Text
|b txt
|2 rdacontent
|
| 337 |
|
|
|a ohne Hilfsmittel zu benutzen
|b n
|2 rdamedia
|
| 338 |
|
|
|a Band
|b nc
|2 rdacarrier
|
| 361 |
1 |
|
|5 DE-32
|y 1342854098
|s 236580 - A
|o Vorbesitz
|a VolkswagenStiftung
|0 (DE-588)5004690-1
|0 (DE-627)102468885
|0 (DE-576)193326272
|f Exlibris
|u http://d-nb.info/gnd/1350451185
|
| 490 |
0 |
|
|a Edition Suhrkamp
|v 1530 = Neue Folge, Band 530
|
| 490 |
0 |
|
|a Neue historische Bibliothek
|
| 500 |
|
|
|a Literaturverzeichnis: Seiten 363-375
|
| 505 |
8 |
|
|a Literaturverz. S. 363 - [375]
|
| 583 |
1 |
|
|a Massenentsäuert
|c 2015
|k DE-18
|2 pdager
|5 DE-H16
|
| 583 |
1 |
|
|a Massenentsäuert
|c 2015
|k DE-18
|2 pdager
|5 DE-18-308
|
| 583 |
1 |
|
|a Archivierung/Langzeitarchivierung gewährleistet
|f SLG
|x XA-DE-BW
|z BfZ
|2 pdager
|5 DE-24
|
| 648 |
|
7 |
|a Geschichte
|2 gnd
|
| 650 |
0 |
7 |
|0 (DE-588)4076527-1
|0 (DE-627)10445184X
|0 (DE-576)209202130
|a Rassismus
|2 gnd
|
| 650 |
|
4 |
|a Rassismus
|
| 650 |
|
4 |
|a Historischer Überblick
|
| 650 |
|
4 |
|a Literaturverzeichnis/Bibliographie
|
| 650 |
|
4 |
|a Racism
|
| 650 |
|
4 |
|a historical overview
|
| 650 |
|
4 |
|a Bibliography
|
| 653 |
|
0 |
|a Racism
|a History
|
| 689 |
0 |
0 |
|d s
|0 (DE-588)4076527-1
|0 (DE-627)10445184X
|0 (DE-576)209202130
|a Rassismus
|2 gnd
|
| 689 |
0 |
1 |
|a z
|2 gnd
|a Geschichte
|
| 689 |
0 |
|
|5 DE-101
|
| 689 |
1 |
0 |
|d s
|0 (DE-588)4076527-1
|0 (DE-627)10445184X
|0 (DE-576)209202130
|a Rassismus
|2 gnd
|
| 689 |
1 |
1 |
|a z
|2 gnd
|a Geschichte
|
| 689 |
1 |
|
|5 (DE-627)
|
| 856 |
4 |
2 |
|u http://d-nb.info/931411661/04
|m B:DE-101
|q pdf/application
|v 20161127003401
|x Verlag
|3 Inhaltsverzeichnis
|7 1
|
| 856 |
4 |
2 |
|u http://scans.hebis.de/HEBCGI/show.pl?00901114_toc.pdf
|m V:DE-603;B:DE-26
|q application/pdf
|3 Inhaltsverzeichnis
|7 1
|
| 889 |
|
|
|w (DE-627)016585615
|
| 935 |
|
|
|i mdedup
|
| 935 |
|
|
|h HEB
|i 0501
|
| 935 |
|
|
|h HEB
|i 0503
|
| 936 |
r |
v |
|a NK 4940
|b Zeitlich und örtlich übergreifende Spezialabhandlungen
|k Geschichte
|k Weltgeschichte, Darstellungen Allgemeine Geschichte einzelner Staaten und Völker Teilgebiete der Geschichte, Sammelwerke
|k Teilgebiete der Geschichte
|k Allgemeine Geistes- und Kulturgeschichte
|k Allgemeine Kulturgeschichte
|k Zeitlich und örtlich übergreifende Spezialabhandlungen
|0 (DE-627)1270707191
|0 (DE-625)rvk/126080:
|0 (DE-576)200707191
|
| 936 |
r |
v |
|a NK 1300
|b Einzelbeiträge
|k Geschichte
|k Weltgeschichte, Darstellungen Allgemeine Geschichte einzelner Staaten und Völker Teilgebiete der Geschichte, Sammelwerke
|k Weltgeschichte und allgemeine Geschichte der Staaten und Völker
|k Weltgeschichte
|k Einzelbeiträge
|0 (DE-627)1270943790
|0 (DE-625)rvk/125873:
|0 (DE-576)200943790
|
| 936 |
r |
v |
|a MS 3530
|b Rassismus
|k Soziologie
|k Spezielle Soziologien
|k Soziologie der Minoritäten und Randgruppen
|k Rassismus
|0 (DE-627)1271103672
|0 (DE-625)rvk/123683:
|0 (DE-576)201103672
|
| 936 |
r |
v |
|a MC 7400
|b Rassismus, Antisemitismus
|k Politologie
|k Geschichte der politischen Philosophie und der Ideologien
|k Ideologien und Massenbewegungen
|k Rassismus, Antisemitismus
|0 (DE-627)127099364X
|0 (DE-625)rvk/122420:
|0 (DE-576)20099364X
|
| 936 |
r |
v |
|a NK 6900
|b Sonstiges
|k Geschichte
|k Weltgeschichte, Darstellungen Allgemeine Geschichte einzelner Staaten und Völker Teilgebiete der Geschichte, Sammelwerke
|k Teilgebiete der Geschichte
|k Geschichte der politischen und sozialen Ideen und Bewegungen und der politischen Parteien
|k Faschismus (ohne Nationalsozialismus)
|k Sonstiges
|0 (DE-627)1271458063
|0 (DE-625)rvk/126148:
|0 (DE-576)201458063
|
| 936 |
r |
v |
|a NY 8000
|b Geschichte des Antisemitismus
|k Geschichte
|k Geschichte der Juden
|k Geschichte der Juden nach Zeitabschnitten und Ländern
|k Geschichte des Antisemitismus
|0 (DE-627)1270706780
|0 (DE-625)rvk/132373:
|0 (DE-576)200706780
|
| 936 |
b |
k |
|a 71.62
|j Ethnische Beziehungen
|0 (DE-627)106410423
|
| 936 |
f |
i |
|0 (DE-627)1756134723
|a RS
|b Ohne direkten Regionalbezug
|k Ohne direkten Regionalbezug
|2 fivr
|
| 936 |
f |
i |
|0 (DE-627)1756136041
|a SG05.01
|b Ideologie
|k Gesellschaft
|k Politische Kultur/Meinungsbildung
|k Ideologie
|2 fivs
|
| 936 |
s |
n |
|a m100
|2 mzub
|
| 936 |
s |
n |
|a m200
|2 mzub
|
| 936 |
s |
n |
|a n100
|2 mzub
|
| 938 |
1 |
0 |
|0 (DE-627)1756158819
|0 (DE-615)6602545
|a Politikwissenschaftliche Theorien
|2 fivt
|
| 938 |
1 |
0 |
|0 (DE-627)1756196478
|0 (DE-615)6601344
|a Begriffsdefinition/Begriffsverständnis
|2 fivt
|
| 938 |
1 |
0 |
|0 (DE-627)1756237042
|0 (DE-615)6606545
|a Gesellschaftliche Prozesse
|2 fivt
|
| 938 |
1 |
0 |
|0 (DE-627)1756198527
|0 (DE-615)6604381
|a Bevölkerungsverhalten
|2 fivt
|
| 938 |
1 |
0 |
|0 (DE-627)1756183643
|0 (DE-615)6608076
|a Bisherige Entwicklung
|2 fivt
|
| 938 |
1 |
0 |
|0 (DE-627)1756190704
|0 (DE-615)6607505
|a Geschichtlicher Überblick
|2 fivt
|
| 938 |
1 |
0 |
|0 (DE-627)1756190674
|0 (DE-615)6609115
|a Gegenwärtige Lage
|2 fivt
|
| 938 |
1 |
0 |
|0 (DE-627)1756186618
|0 (DE-615)6604682
|a Ethnischer Konflikt
|2 fivt
|
| 938 |
1 |
0 |
|0 (DE-627)1756209766
|0 (DE-615)6608081
|a Ethnopolitik
|2 fivt
|
| 938 |
1 |
1 |
|0 (DE-627)1756151369
|0 (DE-615)6605339
|a Fremdenfeindlichkeit
|2 fiva
|
| 938 |
1 |
1 |
|0 (DE-627)1756157235
|0 (DE-615)6604738
|a Bedrohungsvorstellungen (Gesellschaft)
|2 fiva
|
| 938 |
1 |
1 |
|0 (DE-627)1756240604
|0 (DE-615)6604713
|a Soziale Diskriminierung
|2 fiva
|
| 938 |
1 |
1 |
|0 (DE-627)1756178755
|0 (DE-615)6609356
|a Juden
|2 fiva
|
| 938 |
1 |
1 |
|0 (DE-627)1756181357
|0 (DE-615)6608133
|a Antisemitismus
|2 fiva
|
| 938 |
1 |
1 |
|0 (DE-627)1756192200
|0 (DE-615)6608245
|a Unterdrückung/Repressalien
|2 fiva
|
| 938 |
1 |
1 |
|0 (DE-627)1756202222
|0 (DE-615)6601616
|a Schwarze
|2 fiva
|
| 938 |
1 |
1 |
|0 (DE-627)1756148147
|0 (DE-615)6602742
|a Apartheid
|2 fiva
|
| 951 |
|
|
|a BO
|
| ELC |
|
|
|b 1
|
| LOK |
|
|
|0 000 xxxxxcx a22 zn 4500
|
| LOK |
|
|
|0 001 3287337408
|
| LOK |
|
|
|0 003 DE-627
|
| LOK |
|
|
|0 004 025616420
|
| LOK |
|
|
|0 005 20131016165005
|
| LOK |
|
|
|0 008 131016||||||||||||||||ger|||||||
|
| LOK |
|
|
|0 040
|a DE-21-110
|c DE-627
|d DE-21-110
|
| LOK |
|
|
|0 689
|a s
|a Rassismus
|
| LOK |
|
|
|0 689
|a s
|a Apartheid
|
| LOK |
|
|
|0 852
|z Kein Bestand am IfK; Nachweis für KrimDok
|
| LOK |
|
|
|0 852
|a DE-21-110
|
| LOK |
|
|
|0 852 1
|9 00
|
| LOK |
|
|
|0 935
|a k110
|
| LOK |
|
|
|0 939
|a 16-10-13
|b l01
|
| ORI |
|
|
|a SA-MARC-krimdoka001.raw
|